| 000 | 01079cam a2200253 i 4500 | ||
|---|---|---|---|
| 001 | 000011662 | ||
| 005 | 20200929162523.0 | ||
| 008 | 800813s1976 gt a b 000 0 spa | ||
| 010 | _a80116150 | ||
| 040 |
_aDO-SdBNP _cDLC _dDLC |
||
| 043 | _ancgt--- | ||
| 050 | 0 | 0 |
_aNK857.A57 _bD5 |
| 100 | 2 |
_aDiaz Castillo, Roberto. _927639 |
|
| 245 | 1 | 0 |
_aArtes y artesanias populares de Sacatepequez / _cRoberto Diaz Castillo ; fotos de Mauro Calanchina. |
| 260 |
_a[Guatemala] : _bUniversidad de San Carlos de Guatemala, Centro de Estudios Folkloricos, _cc1976. |
||
| 300 |
_a713 p. : _bill. ; _c20 cm. |
||
| 490 | 1 | _aColeccion breve - Centro de Estudios Folkloricos ; v. 2 | |
| 504 | _aIncludes bibliographical references. | ||
| 650 | 0 |
_aDecorative arts _zGuatemala _zAntigua. _927640 |
|
| 650 | 0 |
_aDecorative arts _zGuatemala _zSacatepequez. _927641 |
|
| 700 | 1 |
_aCalanchina, Mauro. _927642 |
|
| 810 | 1 |
_aGuatemala (City). _bUniversidad de San Carlos. _bCentro de Estudios Folkloricos. _tColeccion breve - Centro de Estudios Folkloricos ; _vv. 2. _927643 |
|
| 910 | _aCatalogación derivada | ||
| 999 |
_c11350 _d11350 |
||